[Event "Milan SSM op"]
[Site "Milan"]
[Date "2014.01.16"]
[Round "2"]
[White "Chiapperini, Christian"]
[Black "Alidosi, Marco"]
[Result "0-1"]
[WhiteElo "1516"]
[BlackElo "1775"]
[PlyCount "86"]
[EventDate "2014.01.14"]
[EventType "swiss"]
[EventRounds "8"]
[EventCountry "ITA"]
[SourceTitle "EXT 2015"]
[Source "ChessBase"]
[SourceDate "2014.11.20"]
[SourceVersion "1"]
[SourceVersionDate "2014.11.20"]
[SourceQuality "1"]

1. e4 c5 2. Nf3 Nc6 3. d4 cxd4 4. Nxd4 g6 5. Bc4 Bg7 6. Be3 Nf6 7. Nc3 Qa5 8. Qd2 Qb4 9. Bb3 Nxe4 10. Nxc6 bxc6 11. Nxe4 Qxe4 12. f3 Qh4+ 13. Bf2 Qf6 14. c3 0-0 15. 0-0 e5 16. Bg3 d5 17. Rfe1 Qe7 18. Bxe5 Bxe5 19. Qe3 Bxh2+ 20. Kxh2 Qh4+ 21. Kg1 Bd7 22. Rad1 Rfe8 23. Qd2 Be6 24. Qf2 Qxf2+ 25. Kxf2 Rab8 26. Re2 h5 27. Rde1 Rec8 28. Re5 Kg7 29. Rh1 Kf6 30. Rhe1 Rh8 31. c4 dxc4 32. Ba4 Rxb2+ 33. Kg3 h4+ 34. Kf4 Bd5 35. Re7 g5+ 36. Kg4 Be6+ 37. R7xe6+ fxe6 38. Bxc6 Rxg2+ 39. Kh3 Rxa2 40. Bd7 e5 41. Rd1 Rd8 42. Rd5 c3 43. Rd6+ Ke7 0-1